01864nam a2200397 a 4500001001200000003000800012006001900020007001500039008004100054010001700095020002500112020002200137020002700159040002100186035002100207043001200228050002600240082002500266100003300291245013200324260007300456300001400529440002200543504005100565505023600616533015200852600003401004650007001038650007301108650005901181651003701240655002901277710001701306856012601323999001701449ebr10623214CaPaEBRm u cr cn|||||||||090121s2008 enk sb 001 0deng d z 2009293123 z9780719077531 (hbk.) z0719077532 (hbk.) z9781847791399 (e-book) aCaPaEBRcCaPaEBR a(OCoLC)808600277 ae-uk-en14aBT652.E54bH47 2008eb04a232.910942/090342221 aHerringer, Carol Engelhardt.10aVictorians and the Virgin Maryh[electronic resource] :breligion and gender in England, 1830-85 /cCarol Engelhardt Herringer. aManchester, U.K. ;aNew York :bManchester University Press,cc2008. ax, 221 p. 0aGender in history aIncludes bibliographical references and index.0 aReligion, gender, and the Virgin Mary -- The Catholic Virgin Mary -- The Protestant Virgin Mary -- Sex, sin, and salvation : the debate over the Immaculate Conception -- The Virgin Mary and the formation of Victorian masculinities. aElectronic reproduction.bPalo Alto, Calif. :cebrary,d2011.nAvailable via World Wide Web.nAccess may be limited to ebrary affiliated libraries.00aMary,cBlessed Virgin, Saint. 0aFeminismxReligious aspectsxChristianityxHistoryy19th century. 0aFeminismxReligious aspectsxCatholic ChurchxHistoryy19th century. 0aWomen in ChristianityzEnglandxHistoryy19th century. 0aEnglandxReligiony19th century. 7aElectronic books.2local2 aebrary, Inc.40uhttp://site.ebrary.com/lib/rucke/Doc?id=10623214zAn electronic book accessible through the World Wide Web; click to view c55743d55743